00897nam a2200181 a 45000010005000000030005000050050017000100080041000270400020000681000028000882450138001162600041002543000010002955000015003055050348003206500025006686500022006931149CDMR20131118125034.0130130s1916||||||||||||||||||||||||||||d aCDMRbcatcCDMR1 aSurribas I Riera, Josep14aEls nostres periòdicsb: notes crítico-bibliogràfiques de periòdics publicats en llengua catalanacper Josep Surribas i Riera aBarcelonabTip. La Neotipiac[1916?] a32 p. aFascicle 1 aComenta: Butlletí Oficial, Lo Pare Arcàngel, Lo Verdader Català, El Catalan, La Violeta de Oro, Revista de Catalunya, L'Embustero, Un tros de paper, L'Xanguet, Lo Gat dels Frares, Lo Noy de la Mare, La Rambla, La Pubilla, La Barretina, Lo Mestre Titas, Lo Gay Saber, Lo Somatent, Las Barras Catalanas, La Gramalla, La Campana de Gràcia04aPremsavBibliografia04aPremsazCatalunya